[Event "Hallstahammar op"]
[Site "Hallstahammar"]
[Date "2003.09.14"]
[Round "6"]
[White "Rautio, Lasse"]
[Black "Morsare, Knut"]
[Result "1-0"]
[WhiteElo "1817"]
[BlackElo "1520"]
[PlyCount "103"]
[EventDate "2003.09.12"]
[EventType "swiss"]
[EventRounds "7"]
[EventCountry "SWE"]
[SourceTitle "CBM 096 Extra"]
[Source "ChessBase"]
[SourceDate "2003.10.22"]
[SourceVersion "2"]
[SourceVersionDate "2003.10.20"]
[SourceQuality "1"]

1. d4 Nf6 2. c4 g6 3. Nc3 Bg7 4. e4 d6 5. Bg5 0-0 6. h3 Nbd7 7. Be2 c6 8. Nf3 a6 9. 0-0 Re8 10. e5 dxe5 11. dxe5 Nh5 12. e6 fxe6 13. Nd4 Nf8 14. Nb3 Nf6 15. Qc2 Qc7 16. Rad1 e5 17. g4 Ne6 18. Be3 Nf4 19. Bxf4 exf4 20. Nc5 e5 21. N3e4 Nxe4 22. Nxe4 Be6 23. Rd6 Qe7 24. Rfd1 Rad8 25. Qd2 Rxd6 26. Qxd6 Qh4 27. Kg2 h5 28. f3 hxg4 29. hxg4 Qe7 30. Qxe7 Rxe7 31. Rd8+ Kf7 32. Bd3 Rc7 33. Ng5+ Ke7 34. Nxe6 Kxe6 35. Bxg6 Kf6 36. Be4 Ke7 37. Rd2 Rd7 38. Rxd7+ Kxd7 39. g5 Ke6 40. Kh3 Bf8 41. Kg4 Be7 42. Kh5 Kf7 43. Kh6 Bf8+ 44. Kh7 Bg7 45. c5 a5 46. a3 Bf8 47. b4 axb4 48. axb4 Bg7 49. b5 Bf8 50. bxc6 bxc6 51. Bxc6 Ke6 52. Be4 1-0